Welcome to CU Library Online Public Access Catalogue (OPAC)

THE ELEMENTS OF TEACHING (Record no. 2051)

MARC details
000 -LEADER
fixed length control field 00453nam a22001577a 4500
005 - DATE AND TIME OF LATEST TRANSACTION
control field 20241211132721.0
008 - FIXED-LENGTH DATA ELEMENTS--GENERAL INFORMATION
fixed length control field 241211b |||||||| |||| 00| 0 eng d
020 ## - INTERNATIONAL STANDARD BOOK NUMBER
International Standard Book Number 9780300078558
050 ## - LIBRARY OF CONGRESS CALL NUMBER
Classification number LB1025.3
Item number .B35 BAN
100 ## - MAIN ENTRY--PERSONAL NAME
Personal name BANNER , JAMES M.
245 ## - TITLE STATEMENT
Title THE ELEMENTS OF TEACHING
Statement of responsibility, etc. JAMES M. BANNER & HAROLD C. CANNON
260 ## - PUBLICATION, DISTRIBUTION, ETC.
Place of publication, distribution, etc. NEW HAVEN
Name of publisher, distributor, etc. YALE UNIVERSITY PRESS
Date of publication, distribution, etc. c1997
300 ## - PHYSICAL DESCRIPTION
Extent x; 142p ,
700 ## - ADDED ENTRY--PERSONAL NAME
Personal name HAROLD C. CANNON
942 ## - ADDED ENTRY ELEMENTS (KOHA)
Source of classification or shelving scheme Library of Congress Classification
Koha item type Books
Suppress in OPAC No
999 ## -
-- 2051
-- 2051
Holdings
Withdrawn status Lost status Source of classification or shelving scheme Damaged status Not for loan Collection Home library Current library Shelving location Date acquired Total checkouts Full call number Barcode Date last seen Copy number Price effective from Koha item type
    Library of Congress Classification     Non-fiction Undergraduate Library (Christ Temple) Undergraduate Library (Christ Temple) General stacks 12/11/2024   LB1025.3.B35 BAN ulct00000583 12/11/2024 1 12/11/2024 Books
© 2023-2024 Copyright: Central University Libraries. All Rights Reserved | Created by: Mahone Tech Office